Risk factors for COPD.

Explains how health behaviors, environmental factors, and genetics can be associated with COPD.

Bibliographic Details
Corporate Author: National Institutes of Health (U.S.)
Format: Government Document Video
Language:English
Published: [Bethesda, Md.] : National Institutes of Health, [between 2000 and 2009?]
Subjects:
Online Access:https://purl.fdlp.gov/GPO/FDLP1278

MARC

Tag First Indicator Second Indicator Subfields
LEADER 00000cgm a2200000 a 4500
001 in00002530921
005 20211202184727.0
006 m g c f
007 cr mna||||||||
007 vz czazz|
008 091015s200u mdu002 g fs vleng c
035 |a (OCoLC)ocn456576214 
040 |a GPO  |c GPO  |d MvI  |d UtOrBLW 
042 |a pcc 
049 |a WWW 
074 |a 0507-A-74 (online) 
086 0 |a HE 20.3076:C 79/3 
245 0 0 |a Risk factors for COPD. 
246 3 |a Risk factors for chronic obstructive pulmonary disease 
264 1 |a [Bethesda, Md.] :  |b National Institutes of Health,  |c [between 2000 and 2009?] 
300 |a 1 streaming video file (1 min., 25 sec.) :  |b digital, SWF file, sound, color 
336 |a two-dimensional moving image  |b tdi  |2 rdacontent 
337 |a computer  |b c  |2 rdamedia 
338 |a online resource  |b cr  |2 rdacarrier 
538 |a System requirements: Internet browser; Adobe Flash Player. 
538 |a Mode of access: Internet via the NIH SeniorHealth web site. Addresses as of 10/15/09: http://nihseniorhealth.gov/copd/causesandprevention/video/copd3%5Fna%5Fintro.html and http://nihseniorhealth.gov/copd/causesandprevention/video/copd3%5Fna.html?intro=yes ; current access available via PURL. 
500 |a Title from title frame. 
500 |a Accompanied by transcript in HTML format. 
520 |a Explains how health behaviors, environmental factors, and genetics can be associated with COPD. 
500 |a Electronic resource. 
650 0 |a Lungs  |x Diseases, Obstructive  |x Risk factors  |v Popular works. 
650 0 |a Smoking  |x Health aspects  |v Popular works. 
655 7 |a Documentary films.  |2 lcgft 
655 0 |a Streaming videos. 
710 2 |a National Institutes of Health (U.S.) 
856 4 0 |u https://purl.fdlp.gov/GPO/FDLP1278  |t 0 
999 |a MARS 
999 f f |s 6a2473fa-6c73-3436-afce-bd3e43beae85  |i cc5a1510-cc58-3a15-8f06-4bb1b5e5cbba  |t 0 
952 f f |a Texas A&M University  |b College Station  |c Electronic Resources  |d Available Online  |t 0  |e HE 20.3076:C 79/3  |h Superintendent of Documents classification 
998 f f |a HE 20.3076:C 79/3  |t 0  |l Available Online